| 000 | 00575nam a2200145Ia 4500 | ||
|---|---|---|---|
| 008 | 170224s9999 xx 000 0 und d | ||
| 100 | _aMatti Jaakkola | ||
| 245 | _aIs more capability always beneficial for firm performance? Market orientation, core business process capabilities and business environment | ||
| 245 | _cMatti Jaakkola, Johanna Frösén, Henrikki Tikkanen, Jaakko Aspara, Antti Vassinen & Petri Parvinen | ||
| 260 | _bJournal of Marketing Research | ||
| 260 | _c2016 | ||
| 300 | _a32:13-14, Pages: 1359-1385 | ||
| 500 | _aOctober | ||
| 650 | _xMarketing. | ||
| 999 |
_c315976 _d315976 |
||